| 000 | 01000nam a22002897i 4500 | ||
|---|---|---|---|
| 003 | EG-GICUC | ||
| 005 | 20260121101733.0 | ||
| 008 | 260118s1932 fr ||||fr||| 00|0|||fre d | ||
| 040 |
_aEG-GiCUC _cEG-GiCUC _dEG-GiCUC _eRda _bfre |
||
| 041 | _afre | ||
| 082 | 0 | 4 |
_221 _a341.3305109 _bWO . H |
| 092 | 0 | 4 | _221 |
| 099 | _aLaw1 11 341.3305109WO . H 1932 | ||
| 100 | 1 |
_aWou, P. _eAuteur |
|
| 245 | 1 | 0 |
_aHistoire Diplomatique De La Chine Depuis 1919 : _bLa Révision Des Traités Sino-étrangers / _cP. Wuo . |
| 264 | 1 |
_aParis : _bRousseau et cie, _c1932. |
|
| 300 |
_axx, 334 page ; _c24 cm. |
||
| 336 |
_2rda contenu _a texte |
||
| 337 |
_2rda medias _aOrdinateur |
||
| 338 |
_2 transporteur rda _a Ressource en ligne |
||
| 504 | _aComprend des références bibliographiques. | ||
| 546 | _aTexte en français | ||
| 650 | 1 | 4 |
_aDiplomatie - Histoiré _xDroit international public _zChine |
| 856 | 4 | 0 | _uhttps://fll.law.cu.edu.eg/fulltext/bks/B11-06916.pdf |
| 905 | _a75 | ||
| 942 |
_2ddc _cBK _e21 _n0 |
||
| 999 |
_c57380 _d57380 |
||